| 000 | 00444pab a2200157 454500 | ||
|---|---|---|---|
| 008 | 180718b2000 xxu||||| |||| 00| 0 eng d | ||
| 100 | _aKaur, Kuldip | ||
| 245 | _aExpenditure on social sectors and incidence of poverty in India - an inter state analysis | ||
| 260 | _c2000 | ||
| 300 | _ap.96-105 | ||
| 650 | _aPoverty - India | ||
| 650 | _aPoverty | ||
| 700 | _aBawa, R.S. | ||
| 773 | _aIndian Journal of Regional Science | ||
| 909 | _a45750 | ||
| 999 |
_c45750 _d45750 |
||